| 000 | 00699nam a2200253Ia 4500 | ||
|---|---|---|---|
| 003 | OSt | ||
| 005 | 20220924120354.0 | ||
| 006 | a|||||r|||| 00| 0 | ||
| 007 | ta | ||
| 008 | 220923b |||||||| |||| 00| 0 ben d | ||
| 020 | _c50 | ||
| 024 | _a301001 | ||
| 037 |
_bM/2009/123, 07/01/2010, Mukta Dhara _cTextual |
||
| 040 |
_aARTS _cARTS _bben |
||
| 041 |
_2ben _aben |
||
| 082 | _aV275, 157N6 | ||
| 100 |
_aDey Barun _9181820 |
||
| 245 | 0 | _aEk maharanifr mrittu | |
| 260 |
_aDelhi _bMonafakire India _c1996 |
||
| 300 |
_a38p. _ccm. |
||
| 650 | _aHISTORY | ||
| 942 |
_hV275, 157N6 _cTEXL _2CC |
||
| 999 |
_c402506 _d402506 |
||